000 00839nam a2200277 i 4500
001 000012435
003 DO-SdBNP
005 20241203105819.0
007 ta
008 091112s1978 dr 000 0 spa d
040 _aDO-SdBNP
_bspa
_cBNPHU
_erda
041 _aspa
082 1 _aRD868.44
_bJ86d
_222
100 1 _aJovine Soto, Rafael,
_d1905-1985
_eautor
_4aut.
_972992
245 1 0 _aDel sur y del este /
_cRafael Jovine Soto.
264 1 _aSanto Domingo, :
_bEditora Taller,
_c1978.
300 _a168 páginas ;
_c23 cm.
336 _ardacontent
_btexto
_2txt
337 _ardamedia
_bsin mediación
_2n
338 _ardacarrier
_bvolumen
_2nc
590 _aInventariado, 2024/DG
650 4 _aCuentos dominicanos
_2LEMB
650 4 _aLiteratura dominicana
_2LEMB
910 _aDG/Validado. Control de calidad MFF
942 _2ddc
_cLBS1
999 _c12092
_d12092